| 000 | 00489nam a2200217Ia 4500 | ||
|---|---|---|---|
| 003 | IT-RoPAU | ||
| 008 | 120407s9999 xx 000 0 und d | ||
| 040 | _aIT-RoPAU | ||
| 040 | _cIT-RoPAU | ||
| 041 | _aita | ||
| 100 | _aFernando da Riese Pio X | ||
| 245 | _aSanta Veronica Giuliani. Implacata inseguitrice di amore e di dolore. | ||
| 250 | _aPadova | ||
| 260 | _aEMP | ||
| 260 | _c1985 | ||
| 300 | _a577 p. | ||
| 300 | _c24 cm | ||
| 490 | _v1 | ||
| 942 | _cBK | ||
| 999 |
_c35842 _d35842 |
||